00390 a2200145 450000500170000000800410001702000310005804000090008908200180009810000150011624500450013126000370017630000080021365000230022120250530114920.0250530b |||||||| |||| 00| 0 eng d a9788131614082cRs. 1595.00 aMAIN a301.24bN135B aNagla, B K aBhartiya samajshastriyon ke sath samvad bRawat PublicationsaJaipurc2024 a358 aSociologists-India